| 000 | 01103nam a22001937a 4500 | ||
|---|---|---|---|
| 999 |
_c62435 _d62435 |
||
| 003 | Ge_BSU | ||
| 005 | 20241031162711.0 | ||
| 008 | 241031s2023 ge ||||| |||| 00| 0 geo d | ||
| 020 | _a9789941356452 | ||
| 041 | _ageo | ||
| 080 | _a821.353.1 : 821.353.1-32 ო-93 | ||
| 245 |
_aXXI საუკუნის ქართული მოთხრობა : _bლიტერატურული პალიტრის ავტორები : [3 ტომად]. ტომი 1 / _cშემდგენელი და რედაქტორი ბესო ხვედელიძე ; დიზაინერი თამარ ჯანთიშვილი. |
||
| 264 |
_aთბილისი : _b პალიტრა L, _c2023. |
||
| 300 |
_a404 გვ. ; _b25 სმ. |
||
| 653 | _aქართული პროზა | ||
| 700 |
_aხვედელიძე, ბესო _eშემდგენელი და რედაქტორი _923580 |
||
| 700 |
_aჯანთიშვილი, თამარ _eდიზაინერი _923581 |
||
| 942 |
_2udc _cᲬᲘᲒᲜᲘ |
||